000 00344nam a2200145Ia 4500
008 230917s9999||||xx |||||||||||||| ||und||
040 _e139017
_aMAIN
041 _aEnglish
082 _a821.8 E46R:T
100 _aRoy, Virendra
245 0 _aT S Eliot quest for belief
260 _aDelhi
_bAjanta
_c1979
300 _a433p p.
942 _cBK
999 _c199564
_d199564